Leprosy patients : A sociological study (Record no. 16439)

MARC details
000 -LEADER
fixed length control field 00404nam a2200169Ia 4500
082 ## - DEWEY DECIMAL CLASSIFICATION NUMBER
Classification number TK.0007
100 ## - MAIN ENTRY--AUTHOR NAME
Personal name Kant, Vasant P.
245 #0 - TITLE STATEMENT
Title Leprosy patients : A sociological study
260 ## - PUBLICATION, DISTRIBUTION, ETC. (IMPRINT)
Year of publication 1986
Name of publisher Gujarat University
300 ## - PHYSICAL DESCRIPTION
Number of Pages 311p. + C D - 43
650 ## - SUBJECT ADDED ENTRY--TOPICAL TERM
Topical Term PATIENTS//SICK
650 ## - SUBJECT ADDED ENTRY--TOPICAL TERM
Topical Term SICK
650 ## - SUBJECT ADDED ENTRY--TOPICAL TERM
Topical Term LEPERS
650 ## - SUBJECT ADDED ENTRY--TOPICAL TERM
Topical Term LEPROSY///LEPERS
710 ## - ADDED ENTRY--CORPORATE NAME
Corporate name or jurisdiction name as entry element Mashihi, Edwin
942 ## - ADDED ENTRY ELEMENTS (KOHA)
Koha item type Thesis
Source of classification or shelving scheme Dewey Decimal Classification
Holdings
Withdrawn status Lost status Damaged status Not for loan Home library Current library Date acquired Bill Date Full call number Accession Number Price effective from Koha item type
        NASSDOC Library NASSDOC Library 08/10/2004 2004-10-22 TK.0007 27463 18/04/2019 Thesis